¿Usted y su familia han sido afectados por un desastre?

Bibliographic Details
Uniform Title:Have you and your family been affected by a disaster?
Format: Government Document eBook
Language:Spanish
Published: [Rockville, Md.] : Substance Abuse and Mental Health Services Administration, [2020]
Subjects:
Online Access:https://purl.fdlp.gov/GPO/gpo153396

MARC

Tag First Indicator Second Indicator Subfields
LEADER 00000cam a2200000 i 4500
001 in00004590813
006 m o d f
007 cr |||||||||||
008 220727s2020 mdua ob f000 0 spa c
005 20230113213823.9
035 |a (OCoLC)on1337494271 
040 |a GPO  |b eng  |e rda  |e pn  |c GPO  |d MvI 
042 |a pcc 
049 |a WWW 
074 |a 0497-D-01 (online) 
086 0 |a HE 20.402:D 63/6/SPAN. 
130 0 |a Have you and your family been affected by a disaster?  |l Spanish. 
245 1 0 |a ¿Usted y su familia han sido afectados por un desastre? 
264 1 |a [Rockville, Md.] :  |b Substance Abuse and Mental Health Services Administration,  |c [2020] 
300 |a 1 online resource (1 unnumbered page) :  |b color illustration 
336 |a text  |b txt  |2 rdacontent 
337 |a computer  |b c  |2 rdamedia 
338 |a online resource  |b cr  |2 rdacarrier 
588 |a Description based on online resource, PDF version; title from caption (SAMHSA, viewed July 26, 2022). 
500 |a "PEP20-01-01-024." 
500 |a "November 2020"--SAMHSA publication download webpage. 
500 |a GPO Cataloging Record Distribution Program (CRDP). 
504 |a Includes bibliographical references. 
650 0 |a Disasters  |x Psychological aspects.  |0 http://id.loc.gov/authorities/subjects/sh85038304 
650 0 |a Child mental health.  |0 http://id.loc.gov/authorities/subjects/sh85023373 
650 0 |a Youth  |x Mental health.  |0 http://id.loc.gov/authorities/subjects/sh85149334 
650 0 |a Parent and child. 
650 0 |a Mental health services.  |0 http://id.loc.gov/authorities/subjects/sh85083636 
710 1 |a United States.  |b Substance Abuse and Mental Health Services Administration,  |0 http://id.loc.gov/authorities/names/no92028637  |e issuing body. 
775 0 8 |i Issued also as:  |t Have you and your family been affected by a disaster?  |w (OCoLC)1337494462 
856 4 0 |u https://purl.fdlp.gov/GPO/gpo153396  |t 0 
999 f f |s 30b98c12-01f3-48b8-8db7-056e0272ef49  |i 22a9f7f9-8537-4ea9-b75f-3d02ed44f38b  |t 0 
952 f f |a Texas A&M University  |b College Station  |c Electronic Resources  |d Available Online  |t 0  |e HE 20.402:D 63/6/SPAN.  |h Superintendent of Documents classification 
998 f f |a HE 20.402:D 63/6/SPAN.  |t 0  |l Available Online